Eastern Utah Libraries Catalog: Duchesne, Heber, Roosevelt, & Vernal

Tatiana (Record no. 282605)

MARC details
000 -LEADER
fixed length control field 02764cim a2200553Ia 4500
001 - CONTROL NUMBER
control field ocn854776371
003 - CONTROL NUMBER IDENTIFIER
control field OCoLC
005 - DATE AND TIME OF LATEST TRANSACTION
control field 20211118135346.0
007 - PHYSICAL DESCRIPTION FIXED FIELD--GENERAL INFORMATION
fixed length control field sd fungnnmmneu
008 - FIXED-LENGTH DATA ELEMENTS--GENERAL INFORMATION
fixed length control field 130731s2013 nyunnnn f n eng d
020 ## - INTERNATIONAL STANDARD BOOK NUMBER
International Standard Book Number 144236436X
020 ## - INTERNATIONAL STANDARD BOOK NUMBER
International Standard Book Number 9781442364363
020 ## - INTERNATIONAL STANDARD BOOK NUMBER
Terms of availability 29.99
029 1# - (OCLC)
OCLC library identifier AU@
System control number 000052283740
029 1# - (OCLC)
OCLC library identifier NZ1
System control number 15226552
035 ## - SYSTEM CONTROL NUMBER
System control number (OCoLC)854776371
040 ## - CATALOGING SOURCE
Original cataloging agency LPU
Language of cataloging eng
Transcribing agency LPU
Modifying agency OCLCA
-- TEF
-- TEFMT
-- CGP
-- VP@
-- IMD
-- TXA
-- AZT
-- WACOL
Description conventions rda
043 ## - GEOGRAPHIC AREA CODE
Geographic area code e-ru---
-- e-ur---
049 ## - LOCAL HOLDINGS (OCLC)
Holding library WACL
050 #4 - LIBRARY OF CONGRESS CALL NUMBER
Classification number PS3569.M5377
Item number T38 2013ab
082 04 - DEWEY DECIMAL CLASSIFICATION NUMBER
Classification number 813/.54
Edition number 23
092 ## - LOCALLY ASSIGNED DEWEY CALL NUMBER (OCLC)
Classification number CD
Item number Smi
100 1# - MAIN ENTRY--PERSONAL NAME
Personal name Smith, Martin Cruz,
9 (RLIN) 2003
Dates associated with a name 1942-
245 10 - TITLE STATEMENT
Title Tatiana
Medium [sound recording] :
Remainder of title [an Arkady Renko novel] /
Statement of responsibility, etc Martin Cruz Smith.
250 ## - EDITION STATEMENT
Edition statement Unabridged.
260 ## - PUBLICATION, DISTRIBUTION, ETC. (IMPRINT)
Place of publication, distribution, etc [New York] :
Name of publisher, distributor, etc Simon & Schuster Audio,
Date of publication, distribution, etc p2013.
264 #1 - Production, Publication, Distribution, Manufacture, and Copyright Notice.
Place of production, publication, distribution, manufacture [New York] :
Name of producer, publisher, distributor, manufacturer Simon & Schuster Audio,
Date of production, publication, distribution, manufacture, or copyr p2013.
300 ## - PHYSICAL DESCRIPTION
Extent 7 sound discs (480 min.) :
Other physical details digital ;
Dimensions 4 3/4 in.
500 ## - GENERAL NOTE
General note Subtitle from container.
500 ## - GENERAL NOTE
General note Compact disc.
508 ## - CREATION/PRODUCTION CREDITS NOTE
Creation/production credits note Director, Theresa Bucheister ; producer, Claudia Howard.
511 0# - PARTICIPANT OR PERFORMER NOTE
Participant or performer note Read by Henry Strozier.
520 ## - SUMMARY, ETC.
Summary, etc One of the iconic investigators of contemporary fiction, Arkady Renko--cynical, analytical, and quietly subversive--has survived the cultural journey from the Soviet Union to the New Russia, only to find the nation as obsessed with secrecy and brutality as was the old Communist dictatorship. In Tatiana, Martin Cruz Smith's most ambitious novel since Gorky Park, the melancholy hero finds himself on the trail of a mystery as complex and dangerous as modern Russia herself. The fearless investigative reporter Tatiana Petrovna falls to her death from a sixth-floor window in Moscow the same week that a mob billionaire, Grisha Grigorenko, is shot and buried with the trappings due a lord. No one makes the connection, but Arkady is transfixed by the tapes he discovers of Tatiana's voice, even as she describes horrific crimes hidden by official versions.
650 #0 - SUBJECT ADDED ENTRY--TOPICAL TERM
Topical term or geographic name as entry element Renko, Arkady (Fictitious character)
Form subdivision Fiction.
9 (RLIN) 5806948
650 #0 - SUBJECT ADDED ENTRY--TOPICAL TERM
Topical term or geographic name as entry element Police
Geographic subdivision Russia (Federation)
-- Moscow
Form subdivision Fiction.
9 (RLIN) 5806949
650 #0 - SUBJECT ADDED ENTRY--TOPICAL TERM
Topical term or geographic name as entry element Women journalists
General subdivision Crimes against
Form subdivision Fiction.
9 (RLIN) 6434384
650 #0 - SUBJECT ADDED ENTRY--TOPICAL TERM
Topical term or geographic name as entry element Political corruption
Form subdivision Fiction.
9 (RLIN) 5694124
650 #0 - SUBJECT ADDED ENTRY--TOPICAL TERM
Topical term or geographic name as entry element Mafia
Form subdivision Fiction.
9 (RLIN) 5681850
651 #0 - SUBJECT ADDED ENTRY--GEOGRAPHIC NAME
Geographic name Kaliningrad (Kaliningradskai︠a︡ oblastʹ, Russia)
Form subdivision Fiction.
9 (RLIN) 6434385
655 #7 - INDEX TERM--GENRE/FORM
Genre/form data or focus term Mystery fiction.
Source of term gsafd
9 (RLIN) 5885212
655 #7 - INDEX TERM--GENRE/FORM
Genre/form data or focus term Suspense fiction.
Source of term gsafd
9 (RLIN) 5885213
655 #7 - INDEX TERM--GENRE/FORM
Genre/form data or focus term Audiobooks.
Source of term lcgft
9 (RLIN) 5885214
700 1# - ADDED ENTRY--PERSONAL NAME
Personal name Strozier, Henry.
9 (RLIN) 32112
942 ## - ADDED ENTRY ELEMENTS (KOHA)
Koha item type CD
Source of classification or shelving scheme Dewey Decimal Classification
948 ## - LOCAL PROCESSING INFORMATION (OCLC); SERIES PART DESIGNATOR (RLIN)
Series part designator, SPT (RLIN) 01/08/2014
b (OCLC) 08/16/2017
z (OCLC) Sirsi
Holdings
Withdrawn status Lost status Source of classification or shelving scheme Materials specified (bound volume or other part) Damaged status Not for loan Collection code Home library Current library Shelving location Date acquired Source of acquisition Cost, normal purchase price Total Checkouts Full call number Barcode Date last seen Date checked out Cost, replacement price Price effective from Koha item type
    Dewey Decimal Classification .CIRCNOTE. 7 discs     Audiobooks Wasatch County Library Wasatch County Library Second Floor 01/08/2014   29.99 14 CD Smi 34301001278532 03/07/2024 08/10/2021 29.99 03/20/2020 Audiobook on CD
This project was made possible through a grant from the Institute of Museum and Library Service administered by the Utah State Library Division.

Wasatch County Library

  • 465 East 1200 South, Heber City, Utah 84032
  • Phone 435-654-1511 | Fax 435-654-6456

Hours

  • Monday - Friday 9:30 AM - 8:00 PM
  • Saturday 9:30 AM - 1:30 PM
  • Closed Sundays and Holidays